000 00286nam a22001337a 4500
008 170627b xxu||||| |||| 00| 0 eng d
020 _a013001611-X
041 _aeng
080 _a811
100 _a21
101 _aGJL
245 _aACADEMIC WRITING
_cKENNEDY,M.L
942 _2udc
_cBK
999 _c19179
_d19179